00285cam a2200109ua 4500041001000000082002000010100001800030245006400048260004600112300001200158504000500170 aengh a541.394bFRE/KI aFrenkel, J . aKinetic theory of liquids / cJ Frenkel.hTextual Documents aNew York : bDover Publications , c1946. a488 ; . a